La nueva regulacin̤ europea y espaǫla de proteccin̤ de datos y su aplicacin̤ al m̀bito de la empresa

Detalles Bibliográficos
Autor principal: Goį Sein, Jos ̌Luis
Formato: eBook
Lenguaje:español
Publicado: Albacete: Editorial Bomarzo, 2018
Materias:
Acceso en línea:Acceso restringido

MARC

LEADER 00000nam a22000007a 4500
005 20190328115221.0
007 cr|||| ||||
008 190328s2018 es |||||s|||| 00||0 spa d
020 |a 978-84-17310-46-2 
035 |a 23164 
040 |a vLex 
090 |c 8512  |d 8512 
100 1 |a Goį Sein, Jos ̌Luis 
245 1 2 |a La nueva regulacin̤ europea y espaǫla de proteccin̤ de datos y su aplicacin̤ al m̀bito de la empresa  |h [Recurso electrn̤ico] /  |c Jos ̌Luis Goį Sein 
256 |a Servicio en ln̕ea 
260 |a Albacete:  |b Editorial Bomarzo,  |c 2018 
300 |a 1 recurso electrn̤ico 
500 |a (incluido el Real Decreto-Ley 5/2018). 
506 1 |a Disponible solo en los productos indicados  |d vLex Global  |d vLex Global (Academic Edition, excluding Law Schools)  |d vLex Global (U.S. Academic Edition, Law Schools)  |d vLex Global (U.S. Academic Edition, excluding Law Schools)  |d vLex Global (Academic Edition, Law Schools) 
650 0 4 |a Persona  |z Espaą 
650 0 4 |a Derecho Laboral y Seguridad Social  |z Espaą 
740 0 |a vLex Libros (Servicio en ln̕ea) 
856 4 0 |u http://vlex.com/source/nueva-regulacion-europea-y-espa-ola-de-proteccion-de-datos-y-su-aplicacion-al-ambito-de-la-empresa-incluido-el-real-decreto-ley-5-2018--23164  |z Acceso restringido 
942 |c BOOK 
999 0 |a Person 
999 0 |a Labor Law and Social Security